000 00338 a2200121 4500
003 Nust
005 20170207154043.0
035 _a(SFX)1000000000359536
040 _cNust
245 1 0 _aTextual Relations in Qur'an (E-BOOK)
_h[Elektronisk resurs]
260 _aHoboken :
_bTaylor & Francis Ltd
_c2006
651 _aTextual Relations in Qur'an (E-BOOK)
942 _2ddc
_cBK
999 _c192722
_d192722